Stranger things characters - sudden death - Statistics

General Stats
  • This quiz has been taken 129 times
    81 since last reset
  • The average score is 13 of 18
Answers on the Grid
Answers color-coded by a green-red scale on the quiz's grid according to % correct below.
Steve
John
Emma
Angela
Max
Eleven
James
Elise
Will
Lucas
Jim
Shophia
Dustin
Philip
Jason
Jack
Karen
Mike
Daisy
Ted
Babs
Bruce
Sam
Joyce
Kali
Henry
Chris
Tina
Marie
Erica
 
Answer Stats
Answer % Correct
Steve
97%
Dustin
90%
Eleven
90%
Max
90%
Will
88%
Lucas
86%
Mike
80%
Jim
78%
Angela
76%
Karen
73%
Ted
71%
Joyce
69%
Jason
64%
Erica
63%
Henry
54%
Kali
53%
Tina
51%
Sam
39%
No matching quizzes found
Score Distribution
Percent of People with Each Score
Percentile by Number Answered
Your Score History
You have not taken this quiz since the last reset